| 000 | 00000nam##2200000za#4500 |
| 001 | 9.663298 |
| 003 | CaOODSP |
| 005 | 20210615121000 |
| 007 | ta |
| 008 | 150407|2001||||xxc||||| f|0| 0 fre|d |
| 020 | |a0-662-66160-5 |
| 040 | |aCaOODSP|bfre |
| 041 | |aeng |
| 041 | |afre |
| 043 | |an-cn--- |
| 086 | 1 |aH39-596/2001 |
| 110 | 1 |aCanada.|bSanté Canada. |bDirection générale de la santé de la population et de la santé publique. |
| 245 | 10|aDéclaration conjointe sur le syndrome du bébé secoué |
| 260 | |aOttawa - Ontario : |bSanté Canada. |c2001. |
| 300 | |aTexte français, 14p. ; |c28 cm. |
| 546 | |aBilingue |
| 563 | |aCouverture souple |
| 590 | |a01-46|b2001-11-16 |
| 691 | 07|aDéclaration|2gcpds |
| 691 | 07|aNouveau-né|2gcpds |
| 691 | 07|aViolence|2gcpds |
| 776 | 0#|tDéclaration conjointe sur le syndrome du bébé secoué / |w(CaOODSP)9.639994 |
| 776 | 0#|tJoint statement on shaken baby syndrome / |w(CaOODSP)9.695874 |
| 791 | |tJoint statement on shaken baby syndrome |eeng|w(CaOODSP)9.663297 |